[Event "POL-ch Rapid U18"]
[Site "Bydgoszcz"]
[Date "2023.08.29"]
[Round "3"]
[White "Dietrich, Pawel"]
[Black "Rosol, Philip"]
[Result "0-1"]
[WhiteElo "1556"]
[BlackElo "1903"]
[PlyCount "40"]
[EventDate "2023.08.28"]
[EventType "swiss"]
[EventRounds "11"]
[EventCountry "POL"]
[SourceTitle "EXT 2024"]
[Source "ChessBase"]
[SourceDate "2023.10.10"]
[SourceVersion "1"]
[SourceVersionDate "2023.10.10"]
[SourceQuality "1"]

1. d4 Nf6 2. c4 c5 3. Nf3 cxd4 4. Nxd4 Nc6 5. Nxc6 bxc6 6. Nc3 e5 7. Bg5 h6 8. Bh4 Be7 9. Qd2 0-0 10. Bxf6 Bxf6 11. Ne4 d5 12. cxd5 cxd5 13. Nxf6+ Qxf6 14. e3 Bf5 15. Be2 Rac8 16. Qxd5 Rfd8 17. Qa5 Rc2 18. Bd1 Rxb2 19. 0-0 Rdd2 20. Bb3 Bd3 0-1